000 00581cab a2200181 4500
001 WB2323-20
008 090401t1987 xxu||||| |||| 00| 0 eng d
035 _a(Sirsi) u12952
041 _aeng
245 _aOpencast mining
260 _c1987
350 _a0
490 _aHansard
_vWritten Answers 9 April 1987, cols 563-570(4)
520 _aA debate in which the Environment under-secretary highlighted the advice set out in the draft circular on future planning policy for opencast mining applications.
690 _aMINING AND MINERALS
942 _n0
948 _c04/03/1997
999 _c8319
_d8319